Word Puzzles: Herbs and Spices - Statistics

General Stats
  • This quiz has been taken 60 times
  • The average score is 20 of 32
Answer Stats
Hint Answer % Correct
Not old or used. New
92%
You might send one of these on someone's birthday (cheaper than a present). Card
90%
Hazel or Brazil. Nut
86%
The classic American family has a Pop and... A Mom
84%
The sixth month. June
84%
Ryan or Markle Meg
84%
Herb or spice: Nutmeg
82%
Just one of seven (they're deadly). Sin
82%
In your skull, the lower one is moveable but the upper is fixed. Jaw
76%
Herb or spice: Cardamom
72%
A colloquial address of "man", in Jamaica, for example. Mon
72%
A salad with olives, feta, tomatoes and cucumber. Greek
70%
US west coast slang for something jolly good and cool. (Short for 'radical'). Rad
70%
Herb or spice: Cinnamon
66%
Herb or spice: Juniper
64%
Astley or Uncle Sanchez. Rick
62%
A bowl (but probably wider and shallower). Dish
60%
Low lying marshy wetland (particularly in the East of England). Fen
58%
Herb or spice: Horseradish
58%
If you shout a lot you will become... Hoarse
56%
"Back in ___..." (short form of country where protracted war happened). Nam
54%
The dog who was the model for 'His Master's Voice' (HMV) adverts. Nipper
52%
"___"-raiding is driving your car into a shop window and nicking stuff. Ram
52%
Noise you make when you can't think what to say. Errr
50%
Herb or spice: Fenugreek
48%
Herb or spice: Marjoram
46%
You can definitely believe this isn't butter. (Shortened form). Marge
44%
Normal places have autumn, spring and summer ones. Cambridge has Michaelmas, Lent and Easter. Term
44%
Herb or spice: Turmeric
44%
A vehicle you can carry all your stuff about in (it has a short hood / bonnet). Van
42%
If you're sick and you're not getting better, I hope at least you're not getting... Iller
30%
Herb or spice: Vanilla
28%
No matching quizzes found
Score Distribution
Percent of People with Each Score
Percentile by Number Answered
Your Score History
You have not taken this quiz